000 00537nam a22002177a 4500
003 UA-OsUOA
001 36184
007 ta
008 20060119b un ||||| |||| 00| 0 ukr d
100 _aТанчин І.
090 _a32
942 _cSA
040 _aUA-OsUOA
_bukr
_cUA-OsUOA
_dUA-OsUOA
245 _aНаслідки "газової атаки"
300 _aС2 с.
955 _a0
041 _aukr
080 _a32
773 0 _w36182
_tУкраїна і світ
_dК.
_d2006
_g1
650 7 _a32 Політика
_2UDC
999 _c322432
_d322432